Methods of educational and social science research : (Record no. 329437)

000 -LEADER
fixed length control field 01141pam a2200277 a 4500
001 - CONTROL NUMBER
control field 16012828
003 - CONTROL NUMBER IDENTIFIER
control field Nust
005 - DATE AND TIME OF LATEST TRANSACTION
control field 20170505155134.0
008 - FIXED-LENGTH DATA ELEMENTS--GENERAL INFORMATION
fixed length control field 091208s1997 ilua b 001 0 eng
010 ## - LIBRARY OF CONGRESS CONTROL NUMBER
LC control number 2009499318
020 ## - INTERNATIONAL STANDARD BOOK NUMBER
International Standard Book Number 9781577665762
020 ## - INTERNATIONAL STANDARD BOOK NUMBER
International Standard Book Number 1577665767
040 ## - CATALOGING SOURCE
Original cataloging agency DLC
Transcribing agency DLC
Modifying agency DLC
050 00 - LIBRARY OF CONGRESS CALL NUMBER
Classification number H62
Item number .K6793 2009
082 00 - DEWEY DECIMAL CLASSIFICATION NUMBER
Classification number 300.72 KRA
Edition number 21
100 1# - MAIN ENTRY--PERSONAL NAME
Personal name Krathwohl, David R.
9 (RLIN) 90
245 10 - TITLE STATEMENT
Title Methods of educational and social science research :
Remainder of title the logic of methods /
Statement of responsibility, etc. David R. Krathwohl.
250 ## - EDITION STATEMENT
Edition statement 3rd ed.
260 ## - PUBLICATION, DISTRIBUTION, ETC.
Place of publication, distribution, etc. Long Grove, IL :
Name of publisher, distributor, etc. LWaveland Press,
Date of publication, distribution, etc. c2009.
300 ## - PHYSICAL DESCRIPTION
Extent xx, 755 p. :
Other physical details ill. ;
Dimensions 24 cm.
504 ## - BIBLIOGRAPHY, ETC. NOTE
Bibliography, etc. note Includes bibliographical references (p. 705-734) and indexes.
650 #0 - SUBJECT ADDED ENTRY--TOPICAL TERM
Topical term or geographic name entry element Social sciences
General subdivision Research
-- Methodology.
9 (RLIN) 91
650 #0 - SUBJECT ADDED ENTRY--TOPICAL TERM
Topical term or geographic name entry element Social sciences
General subdivision Statistical methods.
9 (RLIN) 92
906 ## - LOCAL DATA ELEMENT F, LDF (RLIN)
a 7
b cbc
c orignew
d 1
e ocip
f 19
g y-gencatlg
942 ## - ADDED ENTRY ELEMENTS (KOHA)
Source of classification or shelving scheme
Koha item type Book
Holdings
Withdrawn status Lost status Source of classification or shelving scheme Damaged status Not for loan Permanent Location Current Location Shelving location Date acquired Full call number Barcode Date last seen Price effective from Koha item type Total Checkouts Date last checked out Total Renewals
          Central Library (CL) Central Library (CL) General Stacks 05/05/2017 001.42 KRA SEECS013716 05/05/2017 05/05/2017 Book      
          Central Library (CL) Central Library (CL) General Stacks 05/05/2017 001.42 KRA SEECS013717 06/26/2023 05/05/2017 Book 1 12/15/2022  
          Central Library (CL) Central Library (CL) General Stacks 05/05/2017 001.42 KRA SEECS013718 11/13/2025 05/05/2017 Book 1 10/21/2024 2
© 2023 Central Library, National University of Sciences and Technology. All Rights Reserved.